| 000 | 00721ngm a2200313 a 4500 | ||
|---|---|---|---|
| 003 | OSt | ||
| 005 | 20251020182657.0 | ||
| 008 | 240217s9999 xx 000 0 und d | ||
| 040 | _aPE SENCICO BE | ||
| 040 | _cPE SENCICO BE | ||
| 041 | _aspa | ||
| 082 | _aH003 | ||
| 245 | 0 | _aTecnología de construcción apropiada para la Selva: | |
| 245 | 0 | _bIntroducción / | |
| 245 | 0 | _cININVI-CEPAC | |
| 260 | _aLima | ||
| 260 | _bININVI-CEPAC | ||
| 260 | _c1985 | ||
| 300 | _a1 VIDEO | ||
| 300 | _bson., Col. | ||
| 300 | _c11' | ||
| 490 | _aMATERIALES NO CONVENCIONALES | ||
| 520 | _aIntroducción | ||
| 650 | _aCONSTRUCCION | ||
| 650 | _aSELVA | ||
| 651 | _aPERÚ | ||
| 910 | _aila. | ||
| 942 |
_cVID _2ddc |
||
| 999 |
_c4720 _d4720 |
||